[Event "Melbourne op"]
[Site "Melbourne"]
[Date "2024.04.06"]
[Round "7"]
[White "Lam, Ross"]
[Black "Fernandez, Michael"]
[Result "1/2-1/2"]
[WhiteElo "2030"]
[BlackElo "2206"]
[PlyCount "46"]
[EventDate "2024.04.03"]
[EventType "swiss"]
[EventRounds "9"]
[EventCountry "AUS"]
[SourceTitle "CB18_2024"]
[SourceDate "2024.05.01"]
[SourceVersion "1"]
[SourceVersionDate "2024.05.01"]
[SourceQuality "2"]

1. d4 d5 2. c4 c6 3. Nf3 Nf6 4. Nc3 e6 5. e3 Nbd7 6. Bd3 Bd6 7. 0-0 0-0 8. Qc2 dxc4 9. Bxc4 b5 10. Bd3 Bb7 11. Ng5 h6 12. Nge4 Nxe4 13. Nxe4 Be7 14. Bd2 e5 15. dxe5 Nxe5 16. Be2 Qd7 17. Bc3 Qf5 18. Rac1 Kh8 19. Bd4 Nd7 20. Bd3 Ne5 21. Be2 Nd7 22. Bd3 Ne5 23. Be2 Nd7 1/2-1/2

[Event "AUS-ch Major"]
[Site "Sydney"]
[Date "2020.01.06"]
[Round "5"]
[White "Barker, Geoffrey"]
[Black "Lam, Ross"]
[Result "1-0"]
[WhiteElo "2007"]
[BlackElo "2010"]
[PlyCount "57"]
[EventDate "2020.01.02"]
[EventType "swiss"]
[EventRounds "11"]
[EventCountry "AUS"]
[SourceTitle "CBM 195 Extra"]
[Source "ChessBase"]
[SourceDate "2020.05.31"]
[SourceVersion "1"]
[SourceVersionDate "2020.05.31"]
[SourceQuality "1"]

1. Nf3 d5 2. g3 Nf6 3. Bg2 e6 4. 0-0 Be7 5. d3 0-0 6. Nbd2 c5 7. e4 Nc6 8. e5 Nd7 9. Re1 b5 10. Nf1 a5 11. h4 a4 12. N1h2 b4 13. Ng4 Ba6 14. Bf4 c4 15. d4 c3 16. bxc3 bxc3 17. Re3 Na5 18. Ng5 Nc4 19. Rxc3 Qa5 20. Rf3 Rab8 21. Bf1 Nb2 22. Qc1 Rfc8 23. c3 Bxf1 24. Kxf1 Qb5+ 25. Kg2 Bxg5 26. Bxg5 Rb7 27. Qf4 Nf8 28. Nh6+ gxh6 29. Bf6 1-0

[Event "AUS-ch Major"]
[Site "Sydney"]
[Date "2020.01.05"]
[Round "4"]
[White "Lam, Ross"]
[Black "Spuler, David"]
[Result "1-0"]
[WhiteElo "2010"]
[BlackElo "1906"]
[PlyCount "169"]
[EventDate "2020.01.02"]
[EventType "swiss"]
[EventRounds "11"]
[EventCountry "AUS"]
[SourceTitle "CBM 195 Extra"]
[Source "ChessBase"]
[SourceDate "2020.05.31"]
[SourceVersion "1"]
[SourceVersionDate "2020.05.31"]
[SourceQuality "1"]

1. d4 Nf6 2. c4 g6 3. Nc3 Bg7 4. Nf3 d6 5. g3 0-0 6. Bg2 c6 7. 0-0 Qb6 8. h3 Qa6 9. b3 b5 10. Nd2 bxc4 11. Nxc4 Be6 12. Ne3 Nbd7 13. Bb2 Rac8 14. Qd2 Nb6 15. Rac1 Qa5 16. Rfd1 Qh5 17. h4 Rfd8 18. Bf3 Qh6 19. Ne4 Nxe4 20. Bxe4 d5 21. Bf3 f5 22. Ng2 Qxd2 23. Rxd2 Bh6 24. e3 Bd7 25. Ne1 a5 26. a4 Ra8 27. Rc5 Ra7 28. Nd3 Be8 29. Ba3 Bf8 30. Rc1 e6 31. Bxf8 Kxf8 32. Rdc2 Nc8 33. Bd1 Ne7 34. Ne5 Rb8 35. Rc5 Rb6 36. Kf1 Raa6 37. Ke1 Ra7 38. Kd2 Raa6 39. Kc2 Ra7 40. Kb2 Ra8 41. Ka3 Ra7 42. Rb1 Nc8 43. Bc2 Ke7 44. b4 axb4+ 45. Rxb4 Kd6 46. Bd3 Kc7 47. a5 Rxb4 48. Kxb4 Nd6 49. a6 Kb6 50. Rc2 Ra8 51. Rb2 Nb5 52. Ra2 Ra7 53. Be2 Ra8 54. Rc2 Nc7 55. Ra2 Ra7 56. Bf1 Nb5 57. Nd3 Bd7 58. Nc5 Rc7 59. Ra5 Ka7 60. Be2 Nd6 61. f3 Nc8 62. Nb7 Kb6 63. Bd3 Na7 64. Nc5 Nc8 65. Ra1 Ra7 66. Ka4 Nd6 67. Rb1+ Nb5 68. Nxd7+ Rxd7 69. Bxb5 cxb5+ 70. Rxb5+ Kxa6 71. Rb8 Rc7 72. Re8 Rc6 73. Re7 h5 74. Kb4 Kb6 75. Rg7 e5 76. dxe5 Re6 77. f4 Kc6 78. Kc3 Kc5 79. Rc7+ Kb6 80. Rc8 Kb7 81. Rc5 Ra6 82. Kd4 Ra1 83. Kxd5 Rd1+ 84. Ke6 Re1 85. Kf7 1-0

[Event "Queensland-ch"]
[Site "Brisbane"]
[Date "2019.10.04"]
[Round "3"]
[White "Ostapenko, Michael"]
[Black "Lam, Ross"]
[Result "0-1"]
[WhiteElo "1900"]
[BlackElo "2032"]
[PlyCount "86"]
[EventDate "2019.10.03"]
[EventType "swiss"]
[EventRounds "9"]
[EventCountry "AUS"]
[SourceTitle "EXT 2021"]
[Source "ChessBase"]
[SourceDate "2020.10.23"]
[SourceVersion "1"]
[SourceVersionDate "2020.10.23"]
[SourceQuality "1"]

1. e4 e5 2. Nf3 Nc6 3. Bc4 Bc5 4. c3 Nf6 5. d3 0-0 6. 0-0 d5 7. exd5 Nxd5 8. Re1 Bg4 9. h3 Bh5 10. g4 Bg6 11. Nxe5 Nxe5 12. Rxe5 c6 13. Bxd5 cxd5 14. Qf3 Re8 15. Rxe8+ Qxe8 16. Bd2 Qb5 17. b4 Bd6 18. d4 Be4 19. Qe3 Bg6 20. Qf3 Be4 21. Qe3 Re8 22. Na3 Qa4 23. c4 f5 24. c5 Bb8 25. f3 Bc2 26. Qc3 Bd1 27. gxf5 Bg3 28. Kg2 Bh4 29. Be3 Be2 30. Bf2 Bxf2 31. Kxf2 Qd7 32. Re1 Qc7 33. Kg2 Qf4 34. Nc2 Qxf5 35. Kf2 Qxh3 36. Rg1 Bxf3 37. Rg3 Qh2+ 38. Kxf3 Qe2+ 39. Kf4 Qe4+ 40. Kg5 h6+ 41. Kh5 Qf5+ 42. Kh4 Re4+ 43. Rg4 Qxg4# 0-1

[Event "Queensland-ch"]
[Site "Brisbane"]
[Date "2019.10.03"]
[Round "1"]
[White "Brady, Aiden"]
[Black "Lam, Ross"]
[Result "1/2-1/2"]
[WhiteElo "1591"]
[BlackElo "2032"]
[PlyCount "86"]
[EventDate "2019.10.03"]
[EventType "swiss"]
[EventRounds "9"]
[EventCountry "AUS"]
[SourceTitle "EXT 2021"]
[Source "ChessBase"]
[SourceDate "2020.10.23"]
[SourceVersion "1"]
[SourceVersionDate "2020.10.23"]
[SourceQuality "1"]

1. e4 c5 2. Nf3 e6 3. d4 cxd4 4. Nxd4 a6 5. Bd3 Qc7 6. 0-0 Bc5 7. Nb3 Be7 8. Nc3 d6 9. Be3 Nf6 10. f4 Nbd7 11. Qe2 b5 12. Rae1 b4 13. Nd1 Bb7 14. Nf2 0-0 15. g4 Nc5 16. Nxc5 dxc5 17. g5 Nd7 18. b3 c4 19. Bxc4 Bc5 20. Rd1 Rfd8 21. Bd3 Bxe3 22. Qxe3 Nc5 23. Rfe1 Qa5 24. Bc4 Qc7 25. Bd3 Rac8 26. Rd2 Qa5 27. Ra1 Rd7 28. Rdd1 Rcd8 29. Qe1 Qb6 30. Qe3 Qc6 31. Re1 a5 32. Qe2 Qc7 33. Qe3 Rd4 34. Re2 a4 35. Rae1 Qc6 36. Qg3 Ra8 37. Qe3 Rdd8 38. Rc1 Rac8 39. Rce1 a3 40. Qd2 Qb6 41. Qe3 Ba6 42. Bxa6 Qxa6 43. Rd2 Rxd2 1/2-1/2

[Event "Begonia op 53rd"]
[Site "Ballarat"]
[Date "2019.03.11"]
[Round "6"]
[White "Lam, Ross"]
[Black "Clarke, Brandon GI"]
[Result "0-1"]
[WhiteElo "1986"]
[BlackElo "2428"]
[PlyCount "102"]
[EventDate "2019.03.09"]
[EventType "swiss"]
[EventRounds "7"]
[EventCountry "AUS"]
[SourceTitle "CBM 189 Extra"]
[Source "ChessBase"]
[SourceDate "2019.06.03"]
[SourceVersion "1"]
[SourceVersionDate "2019.06.03"]
[SourceQuality "1"]

1. d4 Nf6 2. c4 g6 3. Nc3 Bg7 4. Nf3 0-0 5. g3 d6 6. Bg2 c6 7. 0-0 Qa5 8. e4 e5 9. h3 Nbd7 10. Be3 exd4 11. Bxd4 Ne5 12. b3 Nfd7 13. Na4 Re8 14. Nxe5 dxe5 15. Be3 Nf8 16. Rb1 Rd8 17. Qc2 Ne6 18. b4 Qc7 19. Nc5 Nd4 20. Bxd4 exd4 21. Nd3 a5 22. a3 axb4 23. axb4 Be6 24. Ra1 Qe7 25. c5 Qe8 26. f4 Rxa1 27. Rxa1 Ra8 28. Rxa8 Qxa8 29. e5 Qa3 30. Bf1 Bf5 31. Qb2 Qc3 32. Kf2 g5 33. Qxc3 dxc3 34. Ke2 gxf4 35. gxf4 f6 36. exf6 Bxf6 37. Bg2 c2 38. Nc1 Bb2 39. Kd2 Ba3 40. Na2 Kf7 41. b5 cxb5 42. Bxb7 Bxc5 43. Bd5+ Kf6 44. Bb3 Bd6 45. Bxc2 Bxf4+ 46. Kd1 Bxc2+ 47. Kxc2 Kg5 48. Nc3 b4 49. Nd5 Bd6 50. Kd3 Kh4 51. Ke2 Kxh3 0-1

[Event "NZL-ch rapid op"]
[Site "Auckland"]
[Date "2019.01.24"]
[Round "8"]
[White "Buciu, Aurel John"]
[Black "Lam, Ross"]
[Result "0-1"]
[WhiteElo "1714"]
[BlackElo "1992"]
[PlyCount "145"]
[EventDate "2019.01.23"]
[EventType "swiss (rapid)"]
[EventRounds "9"]
[EventCountry "NZL"]
[SourceTitle "CBM 189 Extra"]
[Source "ChessBase"]
[SourceDate "2019.06.03"]
[SourceVersion "1"]
[SourceVersionDate "2019.06.03"]
[SourceQuality "1"]

1. d4 Nf6 2. Bf4 d5 3. Nf3 c5 4. e3 Nc6 5. c3 Qb6 6. Na3 a6 7. Rb1 Bf5 8. dxc5 Qxc5 9. Nc2 e6 10. Bd3 Bg6 11. 0-0 Be7 12. Ne5 Bh5 13. f3 0-0 14. g4 Nxe5 15. Bxe5 Bg6 16. h4 Nd7 17. Bd4 Qc7 18. f4 Bxd3 19. Qxd3 e5 20. fxe5 Bxh4 21. Qf5 Rae8 22. Qh5 Qd8 23. Rf3 Qg5 24. Qxg5 Bxg5 25. Rf5 f6 26. exf6 Bxf6 27. Rxd5 Ne5 28. Bxe5 Rxe5 29. Rbd1 Re7 30. g5 Be5 31. Rf1 Rxf1+ 32. Kxf1 Kf7 33. Nd4 Bc7 34. Kf2 Kg6 35. Kf3 h5 36. gxh6 gxh6 37. Nf5 Rf7 38. Ke4 Bh2 39. Nh4+ Kh7 40. Nf3 Bg3 41. Ne5 Rg7 42. Kf3 Bh2 43. Ng4 Bc7 44. Nf6+ Kg6 45. Ng4 Rf7+ 46. Kg2 Re7 47. Kf3 h5 48. Nf2 Rf7+ 49. Kg2 h4 50. Nh3 Bg3 51. Rg5+ Kf6 52. Rd5 Re7 53. Kf3 Ke6 54. e4 Rf7+ 55. Kg2 Ke7 56. Ng5 Rf2+ 57. Kh3 Rxb2 58. Nf3 Rxa2 59. Nxh4 Bxh4 60. Kxh4 Ra4 61. Re5+ Kd6 62. Re8 Rc4 63. Rd8+ Kc7 64. Rd4 Rxc3 65. Kg4 b5 66. e5 Re3 67. Kf5 a5 68. e6 a4 69. Kf6 a3 70. e7 a2 71. Rd1 b4 72. Kf7 b3 73. Rc1+ 0-1

[Event "NZL-ch rapid op"]
[Site "Auckland"]
[Date "2019.01.24"]
[Round "7"]
[White "Lam, Ross"]
[Black "Renjith, Sravan"]
[Result "1/2-1/2"]
[WhiteElo "1992"]
[BlackElo "1571"]
[PlyCount "83"]
[EventDate "2019.01.23"]
[EventType "swiss (rapid)"]
[EventRounds "9"]
[EventCountry "NZL"]
[SourceTitle "CBM 189 Extra"]
[Source "ChessBase"]
[SourceDate "2019.06.03"]
[SourceVersion "1"]
[SourceVersionDate "2019.06.03"]
[SourceQuality "1"]

1. d4 Nf6 2. Bf4 d6 3. Nf3 g6 4. Nbd2 Bg7 5. e4 0-0 6. Bd3 Nbd7 7. 0-0 Nh5 8. Be3 e5 9. Re1 exd4 10. Bxd4 Ne5 11. Bf1 Bg4 12. c3 Nxf3+ 13. Nxf3 Bxd4 14. cxd4 Qf6 15. Re3 Rfe8 16. Qd2 Qf4 17. Qc2 Bxf3 18. Rxf3 Qxe4 19. Qxc7 Qe7 20. Rc1 Ng7 21. Re3 Ne6 22. Qxe7 Rxe7 23. Bb5 Rc7 24. Rxc7 Nxc7 25. Bc4 Re8 26. Rxe8+ Nxe8 27. Kf1 Kf8 28. Ke2 Ke7 29. Ke3 Nc7 30. f4 d5 31. Bd3 f5 32. h3 Ke6 33. g4 Ne8 34. gxf5+ gxf5 35. Kf3 Kf6 36. Bc2 Nd6 37. Bb3 Ke6 38. Ke2 Ne4 39. Ba4 Nd6 40. Bc2 Nc4 41. b3 Na3 42. Bd3 1/2-1/2

[Event "NZL-ch op 126th"]
[Site "Auckland"]
[Date "2019.01.16"]
[Round "3"]
[White "Chan, Jordan"]
[Black "Lam, Ross"]
[Result "1/2-1/2"]
[WhiteElo "1341"]
[BlackElo "1992"]
[PlyCount "107"]
[EventDate "2019.01.14"]
[EventType "swiss"]
[EventRounds "9"]
[EventCountry "NZL"]
[SourceTitle "CBM 188 Extra"]
[Source "ChessBase"]
[SourceDate "2019.02.26"]
[SourceVersion "1"]
[SourceVersionDate "2019.02.26"]
[SourceQuality "1"]

1. e4 c5 2. Nf3 e6 3. g3 a6 4. Bg2 Nc6 5. 0-0 d6 6. b3 Nf6 7. d3 Be7 8. Bb2 e5 9. Nbd2 h6 10. h3 Be6 11. Ne1 g5 12. a4 Qd7 13. Kh2 h5 14. Nc4 Bxc4 15. bxc4 0-0-0 16. c3 Kb8 17. d4 Na5 18. Qd3 Qe8 19. Nc2 Nd7 20. Ne3 Nb6 21. Rfb1 Ka7 22. Bc1 cxd4 23. cxd4 Rc8 24. Rb4 Nc6 25. Rb2 exd4 26. Qb3 Bd8 27. Nd5 Na5 28. Nxb6 Nxb3 29. Nxc8+ Kb8 30. Nxd6 Nxa1 31. Nxe8 Rxe8 32. e5 Rxe5 33. Rxb7+ Kc8 34. Rxf7 Be7 35. Rf3 Nc2 36. Bb2 Bc5 37. Bf1 Nb4 38. Ba3 Kc7 39. Bxb4 Bxb4 40. Bd3 Kb6 41. Kg2 Ka5 42. Rf6 Kxa4 43. Rxa6+ Kb3 44. Ra1 Bd2 45. Kf3 Kb2 46. Ra4 Bc1 47. Bf1 Kc2 48. Ra2+ Bb2 49. g4 h4 50. Be2 Kb3 51. Ra6 Kc3 52. Rd6 Kd2 53. Bf1 Ke1 54. Kg2 1/2-1/2

[Event "Bangkok Cha Am op 18th"]
[Site "Bangkog"]
[Date "2018.04.16"]
[Round "4"]
[White "Lam, Ross"]
[Black "Zhang, Lanlin"]
[Result "0-1"]
[WhiteElo "1924"]
[BlackElo "2179"]
[PlyCount "62"]
[EventDate "2018.04.13"]
[EventType "swiss"]
[EventRounds "9"]
[EventCountry "THA"]
[SourceTitle "CBM 184 Extra"]
[Source "ChessBase"]
[SourceDate "2018.06.28"]
[SourceVersion "1"]
[SourceVersionDate "2018.06.28"]
[SourceQuality "1"]

1. d4 d5 2. c4 c6 3. Nf3 Nf6 4. Qb3 e6 5. Nc3 Nbd7 6. Bg5 Be7 7. e3 a6 8. Be2 0-0 9. 0-0 dxc4 10. Bxc4 b5 11. Be2 c5 12. dxc5 Nxc5 13. Qc2 Bb7 14. Rfd1 Qb6 15. b4 Nce4 16. Nxe4 Bxe4 17. Qb2 Rac8 18. Rac1 Rfd8 19. Rxd8+ Qxd8 20. a3 h6 21. Bh4 Bd5 22. h3 Rxc1+ 23. Qxc1 Bd6 24. Bxf6 Qxf6 25. a4 bxa4 26. Qa3 a5 27. Qxa4 axb4 28. Nd4 Qg6 29. Nf3 b3 30. e4 Qxe4 31. Qe8+ Bf8 0-1

[Event "Doeberl Cup 56th"]
[Site "Canberra"]
[Date "2018.03.31"]
[Round "5"]
[White "Fasakin, Oladoyin"]
[Black "Lam, Ross"]
[Result "0-1"]
[WhiteElo "1984"]
[BlackElo "1924"]
[PlyCount "82"]
[EventDate "2018.03.29"]
[EventType "swiss"]
[EventRounds "9"]
[EventCountry "AUS"]
[SourceTitle "EXT 2023"]
[Source "ChessBase"]
[SourceDate "2022.10.05"]
[SourceVersion "1"]
[SourceVersionDate "2022.10.05"]
[SourceQuality "1"]

1. e4 e5 2. Nf3 Nc6 3. Nc3 Nf6 4. d4 exd4 5. Nxd4 Bb4 6. Nxc6 dxc6 7. Qxd8+ Kxd8 8. f3 Be6 9. Bf4 Ba5 10. 0-0-0+ Ke7 11. g4 Rad8 12. Bd3 a6 13. Na4 Nd7 14. a3 c5 15. Be3 c4 16. Be2 f6 17. Bd4 c6 18. h4 Bc7 19. Nc5 Nxc5 20. Bxc5+ Kf7 21. Be3 b5 22. f4 a5 23. Rhf1 Rhe8 24. Rxd8 Rxd8 25. Rd1 Rxd1+ 26. Kxd1 Ke7 27. Kd2 Bd7 28. g5 f5 29. Bf3 Ke6 30. Bg2 Be8 31. Bh3 g6 32. h5 Bd8 33. Bc5 Bc7 34. Ke3 Bf7 35. Bd4 Bd6 36. Bb6 a4 37. e5 c3 38. bxc3 Bxa3 39. Kd4 Bc1 40. Bc5 Bxf4 41. Bb4 Bxe5+ 0-1

[Event "AUS-ch Major"]
[Site "Cammeray"]
[Date "2018.01.12"]
[Round "11"]
[White "Lam, Ross"]
[Black "Bhat, Vishal"]
[Result "1-0"]
[WhiteElo "1926"]
[BlackElo "1972"]
[PlyCount "149"]
[EventDate "2018.01.02"]
[EventType "swiss"]
[EventRounds "11"]
[EventCountry "AUS"]
[SourceTitle "CBM 182 Extra"]
[Source "ChessBase"]
[SourceDate "2018.02.23"]
[SourceVersion "1"]
[SourceVersionDate "2018.02.23"]
[SourceQuality "1"]

1. c4 e5 2. Nc3 Nf6 3. Nf3 Nc6 4. g3 Nd4 5. Nh4 c6 6. e3 Ne6 7. d4 exd4 8. exd4 d5 9. Be3 g6 10. Qb3 Bg7 11. cxd5 Nxd5 12. Nxd5 cxd5 13. Nf3 0-0 14. Bg2 Kh8 15. 0-0 f5 16. Rad1 b6 17. Ne5 Bb7 18. f4 Rc8 19. Rc1 Bxe5 20. dxe5 Rxc1 21. Rxc1 Qd7 22. Rd1 Rd8 23. Bf2 Bc6 24. Qf3 Ba8 25. Qa3 d4 26. Bxa8 Rxa8 27. Qd6 Rd8 28. Qxd7 Rxd7 29. Kf1 Kg8 30. Ke2 Kf7 31. b4 g5 32. fxg5 Rd5 33. h4 Rxe5+ 34. Kd3 Re4 35. Re1 Rg4 36. Re5 f4 37. Re4 a5 38. a3 axb4 39. axb4 b5 40. Ke2 h5 41. gxh6 Rg6 42. gxf4 Rxh6 43. Kd3 Rh5 44. Bxd4 Rxh4 45. Be3 Rh3 46. f5 Ng7 47. Rf4 Kf6 48. Ke4 Nh5 49. Bd4+ Kg5 50. Rf2 Nf6+ 51. Bxf6+ Kxf6 52. Kd4 Rh7 53. Kc5 Rb7 54. Kc6 Rb8 55. Rh2 Rc8+ 56. Kxb5 Kxf5 57. Re2 Rb8+ 58. Kc4 Rc8+ 59. Kd5 Rb8 60. Rf2+ Kg6 61. Rb2 Kf6 62. b5 Ke7 63. Kc6 Rc8+ 64. Kb7 Rc5 65. b6 Rd5 66. Rc2 Kd8 67. Kb8 Rb5 68. Rd2+ Ke7 69. b7 Rb1 70. Rd4 Rb2 71. Kc7 Rc2+ 72. Kb6 Rb2+ 73. Kc6 Rb1 74. Rd5 Rc1+ 75. Kb6 1-0

[Event "AUS-ch Major"]
[Site "Cammeray"]
[Date "2018.01.08"]
[Round "7"]
[White "Mallari, Donato"]
[Black "Lam, Ross"]
[Result "0-1"]
[WhiteElo "1986"]
[BlackElo "1926"]
[PlyCount "158"]
[EventDate "2018.01.02"]
[EventType "swiss"]
[EventRounds "11"]
[EventCountry "AUS"]
[SourceTitle "CBM 182 Extra"]
[Source "ChessBase"]
[SourceDate "2018.02.23"]
[SourceVersion "1"]
[SourceVersionDate "2018.02.23"]
[SourceQuality "1"]

1. d4 Nf6 2. c4 e6 3. Nf3 d5 4. g3 Bb4+ 5. Bd2 Be7 6. Nc3 0-0 7. Bg2 dxc4 8. Qa4 a6 9. Qxc4 b5 10. Qb3 Bb7 11. 0-0 Nbd7 12. Rfd1 c5 13. Bg5 h6 14. Bxf6 Bxf6 15. dxc5 Qe7 16. Qc2 Nxc5 17. e4 Bxc3 18. Qxc3 Nxe4 19. Qe3 Nf6 20. a3 Rac8 21. Rac1 Rfd8 22. Qa7 Rxd1+ 23. Rxd1 Qc7 24. Qd4 Bd5 25. h4 Qb7 26. Ne1 Bxg2 27. Nxg2 Nd5 28. Ne1 Rc4 29. Qe5 Qc7 30. Qe2 Ne7 31. Kg2 Nf5 32. Kf1 Nd4 33. Qd3 Qc6 34. Kg1 e5 35. Qe3 Qf6 36. Qd3 g6 37. Qe4 Qf5 38. Qxf5 gxf5 39. f3 Kf8 40. Kf2 Ke7 41. Rd2 Ke6 42. Rd1 a5 43. Rd2 h5 44. Rd1 Kd5 45. Rd2 Rc1 46. Ng2 Kc4 47. f4 f6 48. Ne3+ Kc5 49. Kg2 b4 50. axb4+ axb4 51. fxe5 fxe5 52. Rf2 b3 53. Nxf5 Kc4 54. g4 hxg4 55. h5 Nxf5 56. Rxf5 e4 57. h6 Kd3 58. Rd5+ Ke2 59. h7 Rc8 60. Kg3 Rh8 61. Rd7 e3 62. Kxg4 Kf2 63. Rf7+ Kg2 64. Re7 Kf2 65. Rf7+ Ke1 66. Kf3 e2 67. Re7 Rf8+ 68. Kg2 Kd1 69. Rd7+ Kc2 70. Re7 Kd2 71. Rd7+ Ke3 72. Re7+ Kd3 73. Rd7+ Kc2 74. Re7 Kxb2 75. Rxe2+ Kc1 76. Kg3 b2 77. Kg4 Rh8 78. Re1+ Kc2 79. Re2+ Kc3 0-1

[Event "AUS-ch Major"]
[Site "Cammeray"]
[Date "2018.01.05"]
[Round "5"]
[White "Mann, Anthony"]
[Black "Lam, Ross"]
[Result "0-1"]
[WhiteElo "1668"]
[BlackElo "1926"]
[PlyCount "62"]
[EventDate "2018.01.02"]
[EventType "swiss"]
[EventRounds "11"]
[EventCountry "AUS"]
[SourceTitle "CBM 182 Extra"]
[Source "ChessBase"]
[SourceDate "2018.02.23"]
[SourceVersion "1"]
[SourceVersionDate "2018.02.23"]
[SourceQuality "1"]

1. d4 Nf6 2. Bf4 g6 3. Nc3 d5 4. e3 Bg7 5. h4 c5 6. Nb5 Na6 7. Be2 Qa5+ 8. c3 Bd7 9. a4 c4 10. h5 Bxb5 11. axb5 Qxb5 12. Qc2 Nd7 13. Nf3 Nab8 14. Ng5 Nc6 15. Kd2 Na5 16. Rag1 Nb3+ 17. Ke1 Qc6 18. Rh3 h6 19. Nxf7 Kxf7 20. hxg6+ Kg8 21. Rgh1 Nf8 22. Bh5 Ne6 23. Be5 Rf8 24. f4 Bxe5 25. dxe5 Ng7 26. Bg4 Nc5 27. f5 Nd3+ 28. Ke2 Nxf5 29. Bxf5 Rxf5 30. Kd1 Rf2 31. Qb1 Qa4+ 0-1

[Event "AUS-ch Major"]
[Site "Cammeray"]
[Date "2018.01.03"]
[Round "3"]
[White "Anup, Kumar S"]
[Black "Lam, Ross"]
[Result "0-1"]
[WhiteElo "1828"]
[BlackElo "1926"]
[PlyCount "46"]
[EventDate "2018.01.02"]
[EventType "swiss"]
[EventRounds "11"]
[EventCountry "AUS"]
[SourceTitle "CBM 182 Extra"]
[Source "ChessBase"]
[SourceDate "2018.02.23"]
[SourceVersion "1"]
[SourceVersionDate "2018.02.23"]
[SourceQuality "1"]

1. d4 Nf6 2. c4 e6 3. Nc3 Bb4 4. Bd2 d5 5. e3 0-0 6. Nf3 c5 7. dxc5 Nc6 8. Be2 dxc4 9. Bxc4 Bxc5 10. 0-0 a6 11. a3 b5 12. Ba2 Bb7 13. Rc1 Bb6 14. Qe2 Qb8 15. h3 Ne5 16. Nxe5 Qxe5 17. f4 Qd6 18. g4 Rad8 19. Rfd1 Qxf4 20. Qf2 Qh6 21. Re1 Qxh3 22. Qe2 Qh1+ 23. Kf2 Qg2# 0-1

[Event "AUS-ch Major"]
[Site "Cammeray"]
[Date "2018.01.03"]
[Round "2"]
[White "Lam, Ross"]
[Black "Voon, Richard"]
[Result "1-0"]
[WhiteElo "1926"]
[BlackElo "1728"]
[PlyCount "129"]
[EventDate "2018.01.02"]
[EventType "swiss"]
[EventRounds "11"]
[EventCountry "AUS"]
[SourceTitle "CBM 182 Extra"]
[Source "ChessBase"]
[SourceDate "2018.02.23"]
[SourceVersion "1"]
[SourceVersionDate "2018.02.23"]
[SourceQuality "1"]

1. c4 e5 2. e3 Nf6 3. a3 a5 4. Nc3 Nc6 5. Nf3 Be7 6. Be2 d6 7. d4 0-0 8. d5 Nb8 9. Qc2 Bg4 10. Rb1 Nbd7 11. e4 h6 12. b4 b6 13. h3 Bh5 14. g4 Bg6 15. Nh4 Nh7 16. Nf5 Bg5 17. h4 Bxc1 18. Qxc1 Qf6 19. Nb5 Rfc8 20. Rb3 Bxf5 21. gxf5 c6 22. dxc6 Rxc6 23. Nc3 Qd8 24. Rb1 Nhf6 25. Rg1 Kh7 26. Qd2 Qf8 27. f3 axb4 28. axb4 Nh5 29. Rd1 Qe7 30. Rh1 Ng3 31. Rh3 Nxe2 32. Qxe2 Rac8 33. Nd5 Qd8 34. Ne3 Nf6 35. Qd2 Ne8 36. Qd5 R6c7 37. Qb5 Ra7 38. Nd5 Rb8 39. Rd3 Ra2 40. Nc3 Ra1+ 41. Kf2 Rba8 42. Qc6 Rc8 43. Qd5 Qe7 44. Nb5 Rd8 45. Qc6 Rc1 46. Ke3 Rc8 47. Qxc8 d5 48. c5 bxc5 49. Rxd5 c4 50. Qc5 Qb7 51. Qa7 Qc8 52. Kd2 Rb1 53. Kc2 Rxb4 54. Qc5 Qa6 55. Qxb4 Qa2+ 56. Qb2 Qa4+ 57. Kc3 Nf6 58. Rh1 Nxd5+ 59. exd5 Qa5+ 60. Kxc4 f6 61. Ra1 Qb6 62. Ra7 Qe3 63. Qg2 Qf4+ 64. Kc5 Qe3+ 65. Kc6 1-0

[Event "Oceania zt 3.6"]
[Site "Auckland"]
[Date "2017.01.19"]
[Round "8"]
[White "Lam, Ross"]
[Black "Duneas, John"]
[Result "1-0"]
[WhiteElo "1883"]
[BlackElo "2054"]
[PlyCount "65"]
[EventDate "2017.01.14"]
[EventType "swiss"]
[EventRounds "9"]
[EventCountry "NZL"]
[SourceTitle "EXT 2018"]
[Source "ChessBase"]
[SourceDate "2017.10.13"]
[SourceVersion "1"]
[SourceVersionDate "2017.10.13"]
[SourceQuality "1"]

1. e4 e6 2. d4 d5 3. Nd2 Nf6 4. e5 Nfd7 5. c3 c5 6. f4 Nc6 7. Ndf3 Qb6 8. g3 cxd4 9. cxd4 Bb4+ 10. Kf2 f6 11. Kg2 0-0 12. Bd3 fxe5 13. fxe5 g6 14. Bb1 Be7 15. Ne2 Qc7 16. Nf4 Nb6 17. h4 Rf7 18. a3 Bd7 19. Qd3 Na5 20. b3 Nc6 21. Ra2 a5 22. Qd1 a4 23. b4 Nc4 24. Rf2 Na7 25. Bc2 Nb5 26. Qd3 Qc6 27. Nh3 Nb6 28. h5 Qc4 29. hxg6 hxg6 30. Qxg6+ Rg7 31. Qh6 Rf8 32. Nhg5 Rxg5 33. Qh7# 1-0

[Event "Oceania zt 3.6"]
[Site "Auckland"]
[Date "2017.01.15"]
[Round "2"]
[White "Lam, Ross"]
[Black "Zhang, Leo"]
[Result "1/2-1/2"]
[WhiteElo "1883"]
[BlackElo "2099"]
[PlyCount "133"]
[EventDate "2017.01.14"]
[EventType "swiss"]
[EventRounds "9"]
[EventCountry "NZL"]
[SourceTitle "CBM 176 Extra"]
[Source "ChessBase"]
[SourceDate "2017.03.02"]
[SourceVersion "1"]
[SourceVersionDate "2017.03.02"]
[SourceQuality "1"]

1. d4 Nf6 2. c4 g6 3. Nc3 d5 4. cxd5 Nxd5 5. e4 Nxc3 6. bxc3 Bg7 7. Be3 c5 8. Rc1 Qa5 9. Qd2 Nc6 10. d5 Ne5 11. c4 Qxd2+ 12. Bxd2 0-0 13. f4 Ng4 14. h3 Nf6 15. Bd3 e5 16. Nf3 exf4 17. e5 Nd7 18. Bxf4 Re8 19. 0-0 Nxe5 20. Bxe5 Bxe5 21. Rce1 f6 22. Re2 Bd7 23. Nxe5 Rxe5 24. Rxf6 Rxe2 25. Bxe2 Re8 26. Bd3 Re3 27. Rd6 Ba4 28. Bf1 Kf7 29. Rd8 Re8 30. Rd6 Re1 31. Rd8 Ke7 32. Rh8 Kd6 33. Rxh7 Bd7 34. Kf2 Ra1 35. Rg7 Rxa2+ 36. Ke3 Ra3+ 37. Kf4 Bf5 38. Rxb7 Ra1 39. Be2 Ra2 40. Ke3 Ra3+ 41. Kf4 Ra2 42. Bg4 Rxg2 43. Bxf5 Rf2+ 44. Ke3 Rxf5 45. Rxa7 Rh5 46. Ra6+ Ke5 47. Rxg6 Rxh3+ 48. Kd2 Kd4 49. Rg4+ Ke5 50. Kc2 Kf5 51. Rg2 Ke5 52. Rd2 Kd6 53. Re2 Rh6 54. Kd3 Kd7 55. Re3 Ra6 56. Ke4 Ra4 57. Ke5 Rxc4 58. Rh3 Rg4 59. Rh7+ Kd8 60. Kd6 Rg6+ 61. Kxc5 Rf6 62. Rg7 Rh6 63. Rb7 Rg6 64. d6 Rg1 65. Rb8+ Kd7 66. Rb7+ Kd8 67. Rb8+ 1/2-1/2